| 000 | 01082nam a22003737a 4500 | ||
|---|---|---|---|
| 001 | BR7400400 | ||
| 003 | BR-BrBNA | ||
| 005 | 20230928084512.0 | ||
| 007 | ta | ||
| 008 | 230509b bl.||||| |||| 00| 0 por d | ||
| 040 |
_aBR-BrBNA _bpor _cBiblioteca Nacional de Agricultura |
||
| 041 | _a(Por) | ||
| 072 |
_aE10 _b0430 _b/G514 |
||
| 090 | _ 0430 BR7400400 | ||
| 110 | 1 |
_aDepartamento Nacional da Producao Vegetal, Rio de Janeiro, GB (Brasil). Servico de Plantas Texteis _93246 |
|
| 245 | 1 | _aImpostos sobre o algodao e seus subprodutos. Estados do Ceara, Maranhao, Piaui, Pernambuco, Alagoas, Sergipe, Baia, Sao Paulo, Parana e Goiaz [Brasil] | |
| 260 | 3 |
_aRio de Janeiro, GB (Brasil): _c1938. |
|
| 300 | _a8 p. | ||
| 650 | _aALGODAO | ||
| 650 | _aSUBPRODUTO | ||
| 650 | _aIMPOSTO | ||
| 650 | _aCEARA | ||
| 650 | _aMARANHAO | ||
| 650 | _aPIAUI | ||
| 650 | _aPERNAMBUCO | ||
| 650 | _aALAGOAS | ||
| 650 | _aSERGIPE | ||
| 650 | _aBAHIA | ||
| 650 | _aSAO PAULO | ||
| 650 | _aPARANA | ||
| 650 | _aGOIAS | ||
| 909 |
_a202309 _bLucia _c55 _dLucia Elande |
||
| 942 | _cBK | ||
| 999 |
_c19394 _d19394 |
||